| 000 | 01042nam0a22002531 4500 | ||
|---|---|---|---|
| 001 | rc\4453839 | ||
| 005 | 20260407164820.0 | ||
| 021 |
_aRU _b[64-54260] |
||
| 035 | _a(NLR Aleph) 008588918 | ||
| 090 |
_a8631926 _c8631926 |
||
| 100 | _a20130416d1964 |||y0rusy50 ca | ||
| 101 | 0 | _arus | |
| 102 | _aRU | ||
| 105 | _ay z ||||| | ||
| 200 | 1 |
_aТезисы докладов _fВсесоюз. науч.-техн. совещание по применению карт с перфорированными краями |
|
| 210 |
_aТаллин _cЦБТИ СНХ ЭССР _d1964 |
||
| 215 |
_a34 с. _d20 |
||
| 606 |
_aПерфорационные карточки _jТезисы докладов _2psbo |
||
| 710 | 1 | 2 |
_aВсесоюзное научно-техническое совещание по применению карт с перфорированными краями _eТаллин _f1964 _9708729 _3RU\NLR\AUTH\8810104168 |
| 801 | 0 |
_aRU _bNLR _gpsbo |
|
| 801 | 1 |
_aRU _bELAR _2rusmarc |
|
| 852 |
_aNLR _j64-4/12206 |
||
| 942 | _cBOOK | ||
| 980 | _aNB | ||